01945nam a2200229 i 4500003000900000005001700009007000300026008004100029020001800070040003000088041000800118082001800126100005400144245008500198264005100283300005900334336002700393337003300420338002800453500007500481520115900556DO-SdBNP20250812141506.0ta250812b2025 dr ao||| |||| 00| 0 spa d a9789945656244 aDO-SdBNPbspacBNPHUerda aspa axxxbR6962221 aRodríguez Castro, Duleidysd1982-eautora4aut.10aImágenes y memoria de la educación dominicana /cDuleidys Rodríguez Castro 4aSanto Domingo : bEditorial Santuario, c2025. a166 Páginas : bilustraciones, fotografíasc24 cm. atextobtxt2rdacontent asin mediaciónbn2rdamedia avolumenbnc2rdacarrier aIncluye datos biografícos de la autora en la solapa de la cubierta.  aEl presente libro reúne una colección de ensayos en torno a la historia de la educación dominicana. La mayoría han sido publicados con anterioridad en el periódico digital Acento y para la ocasión, corregidos y ampliados, agregando, en varios casos, imágenes que ilustran mejor su contenido. Se presentan veintiún artículos escritos entre noviembre del 2023 y febrero del 2025. Los temas tratados van desde los maestros representativos de sus comunidades, como es el caso de Santiago de los Caballeros, Moca y La Vega; hasta los superintendentes y secretarios de educación. La finalidad mayor que sostiene la empresa de escribir sobre las prácticas educativas en el país, es la visibilización de la necesidad de honrar el ejercicio docente, mediante la creación del museo pedagógico dominicano, para la cual he externado la disponibilidad de donar mi colección personal y por lo que he dedicado tres artículos a la causa: El museo nacional de la educación dominicana: una necesidad, Museo de la Educación Nacional de Rouen: un modelo para la República Dominicana y El museo pedagógico Pedro Valera de Montevideo.